[Event "ISL-ch"]
[Site "Gardabaer"]
[Date "1991.??.??"]
[Round "7"]
[White "Arnason, Jon L"]
[Black "Olafsson, Helgi"]
[Result "1/2-1/2"]
[WhiteElo "2540"]
[BlackElo "2595"]

1.e4 c5 2.Nf3 d6 3.d4 cxd4 4.Nxd4 Nf6 5.Nc3 a6 6.Be3 e6 7.f3 b5 8.g4 h6 9.h4 Bb7
10.Rg1 Nfd7 11.g5 Nc6 12.a3 Rc8 13.f4 hxg5 14.hxg5 g6 15.Nxc6 Rxc6 16.a4 b4
17.Qd4 Rh2 18.Qxb4 Qc7 19.Rg2 d5 20.Qb3 Rh3 21.Bd2 Rh1 22.exd5 Rb6 23.Qa2 Rb4
24.O-O-O Rxf4 25.dxe6 Rfxf1 26.exd7+ Qxd7 27.Re2+ Be7 28.Be1 Qc7 29.Nd5 Bxd5
30.Qxd5 Kf8 31.Qa8+ Kg7 32.Rxe7 Qxe7 33.Bc3+ f6 34.Bxf6+ Kf7 35.Qd5+ Qe6
36.Qb7+  1/2-1/2

[Event "ISL-ch"]
[Site "Gardabaer"]
[Date "1991.??.??"]
[Round "11"]
[White "Thorhallsson, Throstur"]
[Black "Arnason, Jon L"]
[Result "0-1"]
[WhiteElo "2425"]
[BlackElo "2540"]

1.e4 c5 2.Nf3 d6 3.d4 cxd4 4.Nxd4 Nf6 5.Nc3 a6 6.Be3 e6 7.Qd2 b5 8.f3 Bb7
9.O-O-O Nbd7 10.g4 h6 11.h4 b4 12.Nce2 d5 13.Ng3 Bd6 14.Ngf5 exf5 15.Nxf5 Bf8
16.e5 Ng8 17.Bd4 Qa5 18.Nd6+ Bxd6 19.exd6 O-O-O 20.Bxg7 Rh7 21.Bd4 f6 22.Bd3 Rf7
23.Qf4 Rff8 24.Rhe1 Rfe8 25.Rxe8 Rxe8 26.Bg6 Re2 27.Kb1 Qd8 28.Bd3 Re8 29.Bg6 Re2
30.Ba7 a5 31.Bd3 Re5 32.a3 Qf8 33.Bh7 Qf7 34.Bf5 Qf8 35.Bd4 Qxd6 36.Bxe5 fxe5
37.Qd2 Ne7 38.Bd3 bxa3 39.Qxa5 axb2 40.g5 hxg5 41.hxg5 Qc5 42.Qxc5+ Nxc5
43.Bb5 Kc7 44.Rh1 Ne6 45.Rh7 Kd6 46.g6 d4 47.Be8 Bd5 48.Bf7 Nf5 49.Kxb2 Bxf3
50.Kc1 Bd5 51.Kd2 e4 52.Bxe6 Kxe6 53.Ra7 Bc4 54.Ra4 e3+ 55.Ke1 Kd5 56.Ra7 Nh4
57.Re7 Nxg6 58.Re8 Nh4 59.Rd8+ Kc5 60.Re8 Nf3+ 61.Kd1 Kb4  0-1

[Event "Arnold Cup"]
[Site "Gausdal"]
[Date "1991.??.??"]
[Round "1"]
[White "Ernst, Thomas"]
[Black "Rytshagov, Mikhail"]
[Result "1/2-1/2"]
[WhiteElo "2500"]
[BlackElo "2435"]

1.e4 c5 2.Nf3 d6 3.d4 Nf6 4.Nc3 cxd4 5.Nxd4 a6 6.Be3 e6 7.Qd2 b5 8.f3 Bb7
9.g4 h6 10.O-O-O Nbd7 11.h4 Ne5 12.Be2 Rc8 13.g5 Nfd7 14.Rhg1 hxg5 15.hxg5 b4
16.Nb1 Nc5 17.Qxb4 d5 18.Qe1 dxe4 19.Nc3 Qc7 20.fxe4 Nxe4 21.Nxe4 Bxe4 22.Bxa6 Bc5
23.Bxc8 Bxd4 24.c3 Nf3 25.Rxd4 Nxe1 26.Bd7+ Kf8 27.Rxe1 Rh1 28.Rxh1 Bxh1
29.Ba4 Bd5 30.Bb3 Qg3 31.Kd2 Qg2+ 32.Kd3 Qxb2 33.Bxd5 exd5 34.Rxd5 Qxa2 35.c4 Qb3+
36.Kd4 Qb2+ 37.Kd3 Qb3+ 38.Kd4  1/2-1/2

[Event "Arnold Cup"]
[Site "Gausdal"]
[Date "1991.??.??"]
[Round "2"]
[White "Rytshagov, Mikhail"]
[Black "Stohl, Igor"]
[Result "0-1"]
[WhiteElo "2435"]
[BlackElo "2550"]

1.e4 c5 2.Nf3 d6 3.d4 cxd4 4.Nxd4 Nf6 5.Nc3 a6 6.Be3 e6 7.g4 h6 8.h4 e5 9.Nf5 g6
10.Nxh6 Bxh6 11.Bxh6 Bxg4 12.Qd2 Nc6 13.Bg5 Nd4 14.Bg2 Bf3 15.Kf1 Qd7 16.Rh3 Nxe4
17.Nxe4 Bxe4 18.Re1 Bxg2+ 19.Kxg2 Qc6+ 20.Kf1 Ne6 21.Kg1 Rh5 22.f4 Kf8 23.Rc3 Nxg5
24.fxg5 Qb6+ 25.Qf2 Qxf2+ 26.Kxf2 Rxh4 27.Kg3 Rh5 28.Kg4 Re8 29.Rc7 Re7 30.Rc8+ Re8
31.Rc7 Re7 32.Rc8+ Kg7 33.Rd8 e4 34.Rxd6 Re5 35.Kf4 Rhxg5 36.Rxe4 Rgf5+ 37.Ke3 Rxe4+
38.Kxe4 Rc5 39.Rd7 b5 40.c3 Rc6 41.Ra7 Re6+ 42.Kf4 Kf6 43.Rc7 g5+ 44.Kf3 Kg6
45.b3 f5 46.c4 g4+ 47.Kg3 bxc4 48.bxc4 Kg5 49.c5 f4+  0-1

[Event "Troll Masters"]
[Site "Gausdal"]
[Date "1991.??.??"]
[Round "4"]
[White "Watson, William N"]
[Black "Hultin, Johan"]
[Result "1-0"]
[WhiteElo "2505"]
[BlackElo "2235"]

1.e4 c5 2.Nf3 d6 3.d4 cxd4 4.Nxd4 Nf6 5.Nc3 a6 6.Be3 e6 7.f3 Be7 8.Qd2 Nc6
9.g4 O-O 10.O-O-O Nd7 11.h4 Nxd4 12.Bxd4 b5 13.g5 Bb7 14.Bh3 Ne5 15.Qg2 Qa5
16.Kb1 Nc4 17.Nd5 Bxd5 18.exd5 e5 19.Bg1 f5 20.Qe2 Rac8 21.Rd3 Bd8 22.Bf2 b4
23.c3 Rb8 24.cxb4 Qxb4 25.b3 Na3+ 26.Kb2 Rc8 27.Be1 Qc5 28.Rc3 Qd4 29.Qd2 Rxc3
30.Qxc3 Nb5 31.Qxd4 Nxd4 32.Bb4 Be7 33.Rc1 Rb8 34.Bc3 Nxf3 35.Bxf5 Nxh4 36.Be6+ Kh8
37.Bb4 Nf3 38.Rc7 Bf8 39.Rc8 Rxc8 40.Bxc8 Nxg5 41.Bxa6 h5 42.a4 Be7 43.a5 Bd8
44.Bf1 Ne4 45.Bg2 Nf6 46.Kc3 g5 47.Kc4 g4 48.a6 Bb6 49.Bxd6 Nd7 50.Kb5 h4
51.Kc6 h3 52.Bf1 e4 53.Bg3  1-0

[Event "Geneve op"]
[Site "Geneve"]
[Date "1991.??.??"]
[Round "6"]
[White "Domont, Alexandre"]
[Black "Chiong, Luiz"]
[Result "0-1"]
[WhiteElo "2355"]
[BlackElo "2365"]

1.e4 c5 2.Nf3 d6 3.d4 cxd4 4.Nxd4 Nf6 5.Nc3 a6 6.Be3 e6 7.f3 b5 8.g4 h6 9.h4 Bb7
10.Bh3 g6 11.Qd2 Nbd7 12.g5 hxg5 13.hxg5 Nh5 14.Bxe6 fxe6 15.Nxe6 Qc8 16.Nd5 Kf7
17.Nec7 Ne5 18.O-O-O Nc4 19.Qd3 Nxe3 20.Qxe3 Bxd5 21.Qd4 Qxc7 22.Qxd5+ Ke7
23.Qxa8 Bg7 24.Qd5 Rc8 25.Qd3 Be5 26.Kb1 Qc4 27.b3 Qc5 28.Rd2 Qa3 29.c4 bxc4
30.Qd5 cxb3 31.Qb7+ Kd8 32.Qxb3 Qxb3+ 33.axb3 Rc3 34.Ka2 Rxf3  0-1

[Event "BL2-S9091"]
[Site "Germany"]
[Date "1991.??.??"]
[Round "?"]
[White "Rother, Christoph"]
[Black "Zimmer, Ralph"]
[Result "1-0"]
[WhiteElo "2310"]
[BlackElo "2275"]

1.e4 c5 2.Nf3 d6 3.d4 cxd4 4.Nxd4 Nf6 5.Nc3 a6 6.Be3 e5 7.Nf3 Be7 8.Qd2 O-O
9.a4 Nbd7 10.a5 b5 11.axb6 Nxb6 12.Bd3 Bb7 13.O-O Ng4 14.Bxb6 Qxb6 15.Ra3 Nf6
16.Rfa1 Rfd8 17.Rb3 Qc7 18.Qe3 Bc8 19.Nd2 Be6 20.Nd5 Nxd5 21.exd5 Bxd5 22.Bxh7+ Kxh7
23.Qd3+ Kg8 24.Qxd5 Qxc2 25.Rb7 Bf6 26.Qxf7+ Kh8 27.Ra3  1-0

[Event "BL2-N9091"]
[Site "Germany"]
[Date "1991.??.??"]
[Round "?"]
[White "Oppitz, Peter"]
[Black "Maxion, Dirk"]
[Result "0-1"]
[WhiteElo "2265"]
[BlackElo "2300"]

1.e4 c5 2.Nf3 d6 3.d4 cxd4 4.Nxd4 Nf6 5.Nc3 a6 6.Be3 e6 7.Be2 Qc7 8.O-O b5
9.a3 Bb7 10.Bd3 Be7 11.f4 O-O 12.Qf3 Nbd7 13.g4 Nc5 14.g5 Nfd7 15.Qg4 g6
16.Rad1 Rfe8 17.f5 exf5 18.exf5 Bf8 19.Qh3 Re5 20.Bf4 Qb6 21.fxg6 hxg6 22.Bxe5 Nxe5
23.Nce2 Re8 24.Rf2 Ne6 25.Qe3 Ng4 26.Qg3 Nxf2 27.Qxf2 Nxg5 28.Nf4 Qxd4  0-1

[Event "BL2-W9091"]
[Site "Germany"]
[Date "1991.??.??"]
[Round "?"]
[White "Rosen, Willy"]
[Black "Bluhm, Grischa"]
[Result "1-0"]
[WhiteElo "2260"]
[BlackElo "2335"]

1.e4 c5 2.Nf3 d6 3.d4 cxd4 4.Nxd4 Nf6 5.Nc3 a6 6.Be3 e6 7.Qd2 b5 8.f3 Bb7
9.O-O-O Nbd7 10.g4 Nb6 11.g5 Nfd7 12.Qf2 Rc8 13.h4 b4 14.Nb1 d5 15.e5 Nc4
16.f4 Qa5 17.b3 Qxa2 18.c3 Qxf2 19.Bxf2 Ncb6 20.Kb2 bxc3+ 21.Nxc3 Bb4 22.Na2 Be7
23.h5 Nc5 24.Bh3 Kd7 25.g6 f5 26.Nxf5 exf5 27.Bxf5+ Ke8 28.gxh7 Rd8 29.Rhg1 Kf8
30.h6 gxh6 31.Bd4 Kf7 32.e6+ Nxe6 33.Bg6+ Kf8 34.Bxh8 Ng7 35.Bxg7+ Kxg7 36.Bd3+ Kh8  1-0

[Event "Aandalucia-ch"]
[Site "Granada"]
[Date "1991.??.??"]
[Round "3"]
[White "Jimenez Morales, Francisco"]
[Black "Ruiz Gutierrez, Manuel"]
[Result "0-1"]
[WhiteElo "2125"]
[BlackElo "2235"]

1.e4 c5 2.Nf3 d6 3.d4 cxd4 4.Nxd4 Nf6 5.Nc3 a6 6.Be3 e5 7.Nb3 Be7 8.f3 Be6
9.Qd2 Nbd7 10.O-O-O Qc7 11.g4 Nb6 12.g5 Nh5 13.Qf2 Nd7 14.h4 O-O 15.Bh3 b5
16.Bg4 g6 17.Nd5 Bxd5 18.Rxd5 Rab8 19.Bxh5 gxh5 20.f4 Rfc8 21.f5 Qc4 22.Qg2 a5
23.Kb1 a4 24.Nc1 b4 25.Ra5 a3 26.b3 Qc3 27.Nd3 Rb7 28.Qd2 Qxd2 29.Bxd2 Nc5
30.Nxb4 Nxe4 31.Be1 f6 32.Nd5 fxg5 33.hxg5 Bxg5 34.Rxa3 Rb5 35.Nb4 Nd2+ 36.Bxd2 Bxd2
37.Nd3 e4 38.Rxh5 exd3 39.cxd3 Re5 40.Rh1 Rxf5 41.Ra7 h5 42.Rd7 Rc6 43.a3 Rfc5
44.b4 Rc1+ 45.Rxc1 Rxc1+ 46.Kb2 Rc6 47.b5 Rb6 48.a4 h4 49.Re7 d5 50.Re2 Ba5
51.Rh2 Rh6 52.Rh3 Kg7 53.Kc2 Kg6 54.Kd1 Kg5 55.Ke2 Kg4 56.Rh1 h3 57.Rg1+ Kf4
58.Rf1+ Ke5 59.Rh1 h2 60.Ke3 Bb6+ 61.Kf3 Bg1 62.Rxg1  0-1

[Event "Aandalucia-ch"]
[Site "Granada"]
[Date "1991.??.??"]
[Round "4"]
[White "Bacas, J."]
[Black "Biedma, E."]
[Result "1-0"]
[WhiteElo "2040"]
[BlackElo "2165"]

1.e4 c5 2.Nf3 d6 3.d4 cxd4 4.Nxd4 Nf6 5.Nc3 a6 6.Be3 e5 7.Nb3 Be7 8.f3 O-O
9.Qd2 Be6 10.O-O-O Nbd7 11.g4 b5 12.Nd5 Bxd5 13.exd5 Nb6 14.Na5 Nfxd5 15.Nc6 Qc7
16.Nxe7+ Qxe7 17.Bxb6 Nxb6 18.Qxd6 Qg5+ 19.Qd2 Qxd2+ 20.Rxd2 Rfd8 21.Bd3 Kf8
22.Rhd1 Ke7 23.Be4 Rxd2 24.Rxd2 Rb8 25.h4 h6 26.Rd3 Rd8 27.Rxd8 Kxd8 28.Kd2 Kc7
29.h5 Kd6 30.Kc3 Nd5+ 31.Bxd5 Kxd5 32.Kd3 g6 33.g5 Ke6 34.gxh6 Kf6 35.hxg6 Kxg6
36.c4 bxc4+ 37.Kxc4 Kxh6 38.Kd5 f6 39.b4 Kg5 40.Ke4  1-0

[Event "Groningen op"]
[Site "Groningen"]
[Date "1991.??.??"]
[Round "2"]
[White "Vehi Bach, Victor Manuel"]
[Black "Shneider, Aleksandr"]
[Result "0-1"]
[WhiteElo "2395"]
[BlackElo "2540"]

1.e4 c5 2.Nf3 d6 3.d4 cxd4 4.Nxd4 Nf6 5.Nc3 a6 6.Be3 e6 7.Be2 Qc7 8.a4 b6
9.f4 Bb7 10.Bf3 Nbd7 11.Nb3 e5 12.O-O Be7 13.Nd5 Nxd5 14.exd5 O-O 15.fxe5 Nxe5
16.Be4 g6 17.Nd4 Rfe8 18.Ra3 Bf8 19.Rc3 Qd7 20.Nc6 Ng4 21.Qf3 f5 22.Bxf5 Qxf5
23.Qxf5 gxf5 24.Bxb6 Bg7 25.Rb3 Rac8 26.h3 Bxc6 27.dxc6 Ne5 28.c7 Nc4 29.a5 Nd2  0-1

[Event "Guildford"]
[Site "Guildford"]
[Date "1991.??.??"]
[Round "?"]
[White "Fogarasi, Tibor"]
[Black "Collinson, Adam"]
[Result "1/2-1/2"]
[WhiteElo "2420"]
[BlackElo "2325"]

1.e4 c5 2.Nf3 d6 3.d4 cxd4 4.Nxd4 Nf6 5.Nc3 a6 6.Be3 e6 7.Qd2 b5 8.f3 Nbd7
9.g4 Nb6 10.O-O-O Bb7 11.h4 Be7 12.g5 Nfd7 13.h5 Ne5 14.Rg1 Nbc4 15.Qe2 Qa5
16.Nb3 Qc7 17.Bd4 Rg8 18.f4 Nc6 19.Bf2 Rc8 20.Rg3 N6a5 21.f5 b4 22.Na4 Qc6
23.Nxa5 Nxa5 24.Nb6 Rc7 25.Bg2 Qb5 26.Qxb5+ axb5 27.g6 hxg6 28.hxg6 Bh4 29.gxf7+ Kxf7
30.fxe6+ Kxe6 31.Nd5 Bxd5 32.exd5+ Kd7 33.Bh3+ Kd8 34.Bb6 Bxg3 35.Bxa5 g5
36.Be6 Rg7 37.Rh1 Bh4 38.Rf1 Ke8 39.Bxc7 Rxc7 40.Kd2  1/2-1/2

[Event "Guildford"]
[Site "Guildford"]
[Date "1991.??.??"]
[Round "?"]
[White "Hennigan, Michael"]
[Black "Collinson, Adam"]
[Result "1-0"]
[WhiteElo "2300"]
[BlackElo "2325"]

1.e4 c5 2.Nf3 d6 3.d4 cxd4 4.Nxd4 Nf6 5.Nc3 a6 6.Be3 e5 7.Nf3 Qc7 8.a4 Be7
9.Be2 O-O 10.a5 Nbd7 11.O-O b5 12.axb6 Nxb6 13.Nd5 Nbxd5 14.exd5 a5 15.c4 Bf5
16.Ra3 Rfb8 17.Qa1 Qb7 18.b3 Nd7 19.Nd2 Bd8 20.Qa2 Bb6 21.Bxb6 Qxb6 22.Ra1 Qb4
23.Rxa5 Rxa5 24.Qxa5 Kf8 25.Qxb4 Rxb4 26.Bd1 Nc5 27.f3 Ke7 28.Kf2 Bd3 29.Ra7+ Kf6
30.Ke3 Rb6 31.g3 Bf5 32.h4 Bd7 33.Bc2 g6 34.Ra3 Ke7 35.Ne4 Na6 36.Kd2 f5
37.Nf2 Kf6 38.Kc3 g5 39.hxg5+ Kxg5 40.Ra1 h5 41.Nh3+ Kf6 42.f4 e4 43.Ng1 Be8
44.Ne2 Bf7 45.Nd4 Nb4 46.Ra4 Na6 47.b4 Be8 48.b5 Nc5 49.Ra8 Bf7 50.Nb3 Nd7
51.Ra6 Rb8 52.Rxd6+ Ke7 53.Rh6 Rg8 54.Nd4 Bg6 55.Rxg6 Rxg6 56.Nxf5+ Kf6 57.Bxe4 h4
58.gxh4 Rg4 59.Kd4 Rxf4 60.h5 Kg5 61.h6 Nf6 62.Nd6 Kxh6 63.b6 Nxe4 64.Nxe4 Kg6
65.b7 Rf8 66.c5  1-0

[Event "Hallsberg op"]
[Site "Hallsberg"]
[Date "1991.??.??"]
[Round "?"]
[White "Georgiev, Vladimir"]
[Black "McMichael, Richard"]
[Result "1-0"]
[WhiteElo "2290"]
[BlackElo "2315"]

1.e4 c5 2.Nf3 d6 3.Nc3 Nf6 4.d4 cxd4 5.Nxd4 a6 6.Be3 e5 7.Nb3 Be6 8.Qd2 Nbd7
9.f3 b5 10.a4 b4 11.Nd5 Bxd5 12.exd5 Nb6 13.Bxb6 Qxb6 14.a5 Qb7 15.O-O-O Be7
16.g4 Bd8 17.h4 Nd7 18.g5 Rc8 19.Bh3 Rc4 20.Kb1 Rf4 21.Qd3 Qb5 22.Qxb5 axb5
23.Bf1 Rxf3 24.Bxb5 Ke7 25.Rhe1 Rf4 26.Rd4 Rxd4 27.Nxd4 Nb8 28.Nf5+ Kf8 29.a6 Bb6
30.Nxd6 Ke7 31.Nf5+ Kd8 32.Rxe5 g6 33.Nd6 Rf8 34.Nb7+ Kc8 35.Re4  1-0

[Event "Hamburg HSK"]
[Site "Hamburg"]
[Date "1991.??.??"]
[Round "9"]
[White "Horvath, Tamas"]
[Black "Heinemann, Thies"]
[Result "0-1"]
[WhiteElo "2415"]
[BlackElo "2405"]

1.e4 c5 2.Nf3 d6 3.d4 cxd4 4.Nxd4 Nf6 5.Nc3 a6 6.Be3 e5 7.Nb3 Be6 8.f4 exf4
9.Bxf4 Nc6 10.Qd2 Be7 11.O-O-O Ne5 12.Nd4 O-O 13.Kb1 Rc8 14.h3 Re8 15.Nf5 Bxf5
16.exf5 Rc5 17.g4 h6 18.Be3 Nc4 19.Bxc4 Rxc4 20.Bd4 Nd7 21.Qd3 Rc6 22.Ne4 Bh4
23.Rhf1 Qe7 24.Nc3 Nc5 25.Qf3 Ne4 26.Nd5 Qg5 27.Be3 Qd8 28.Bf4 Qa5 29.a3 Qb5
30.Rd3 a5 31.Be3 Qc4 32.Rc1 Re5 33.Rd4 Qxd4 34.Bxd4 Nd2+ 35.Ka2 Nxf3 36.Bxe5 Nxe5  0-1

[Event "Hania op"]
[Site "Hania"]
[Date "1991.??.??"]
[Round "9"]
[White "Kotronias, Vasilios"]
[Black "Kofidis, Andreas"]
[Result "1-0"]
[WhiteElo "2520"]
[BlackElo "2305"]

1.e4 c5 2.Nf3 d6 3.d4 cxd4 4.Nxd4 Nf6 5.Nc3 a6 6.Be3 e6 7.g4 h6 8.Qf3 Be7
9.O-O-O Nbd7 10.Qh3 Ne5 11.f3 Ng6 12.f4 h5 13.gxh5 e5 14.Nf5 Bxf5 15.exf5 Rxh5
16.Qg2 Rxf5 17.fxe5 Nxe5 18.Qxb7 Nfg4 19.Bd4 Rb8 20.Qxa6 Kf8 21.Be2 Bg5+
22.Kb1 Be3 23.Bxe5 Nxe5 24.Qxd6+ Qxd6 25.Rxd6 Rf2 26.Rd5 f6 27.Rf1 Rxh2 28.Rxe5 Bd4
29.Rb5  1-0

[Event "Hartberg op"]
[Site "Hartberg"]
[Date "1991.??.??"]
[Round "5"]
[White "Thorhallsson, Throstur"]
[Black "Palac, Mladen"]
[Result "0-1"]
[WhiteElo "2425"]
[BlackElo "2475"]

1.e4 c5 2.Nf3 d6 3.d4 cxd4 4.Nxd4 Nf6 5.Nc3 a6 6.Be3 e6 7.Qd2 Be7 8.f3 Nc6
9.g4 O-O 10.O-O-O Nxd4 11.Bxd4 Nd7 12.h4 b5 13.Kb1 Bb7 14.g5 Rc8 15.Rg1 Ne5
16.Rg3 Qc7 17.h5 b4 18.Na4 d5 19.g6 fxg6 20.Bh3 Qd6 21.hxg6 h6 22.Nc5 Nc4
23.Bxe6+ Qxe6 24.Nxe6 Nxd2+ 25.Rxd2 dxe4 26.Nxf8 Rxf8 27.Bxg7 Kxg7 28.Rd7 exf3
29.Rxe7+ Kg8 30.Rg1 f2 31.Rf1 Bg2 32.Rxf2 Rxf2 33.a3 bxa3 34.Rh7 Be4 35.Rxh6 Rxc2
36.Ka2 axb2 37.Rh1 Bxh1  0-1

[Event "Hartberg op"]
[Site "Hartberg"]
[Date "1991.??.??"]
[Round "7"]
[White "Thorhallsson, Throstur"]
[Black "Trichkov, Vasil"]
[Result "1-0"]
[WhiteElo "2425"]
[BlackElo "2290"]

1.e4 c5 2.Nf3 d6 3.d4 Nf6 4.Nc3 cxd4 5.Nxd4 a6 6.Be3 e5 7.Nf3 Qc7 8.a4 h6
9.Be2 Be6 10.O-O Nbd7 11.a5 Rc8 12.Nh4 Qc6 13.f3 Be7 14.Bf2 O-O 15.Qd2 Rfe8
16.Rfd1 Bf8 17.g4 g6 18.Ng2 h5 19.h3 hxg4 20.hxg4 Nc5 21.Ne3 Qc7 22.Kg2 Ncd7
23.Rh1 Bg7 24.Bh4 Qc5 25.Bf2 Qc7 26.Rhd1 Bf8 27.Nf1 Bc4 28.Bxc4 Qxc4 29.Be3 d5
30.g5 d4 31.gxf6 Nxf6 32.Bxd4 exd4 33.Qxd4 Qc6 34.Ng3 Red8 35.Qxd8 Rxd8 36.Rxd8 Kg7
37.Ra4 Bd6 38.Rd4 Be5 39.Rd3 Bxg3 40.Kxg3 Qc7+ 41.Kf2 Qxa5 42.R8d4 Qe5 43.Ne2 Qh2+
44.Ke1 g5 45.Re3 Nh5 46.Rd5 Nf4 47.Nxf4 Qxf4 48.Kd2 Kg6 49.Rf5 Qh2+ 50.Re2 Qg1
51.Kc3 b5 52.Rd2 Qe1 53.Rd5 f6 54.b3 Kh5 55.Kb2 a5 56.R2d3 a4 57.Rxb5 a3+
58.Kxa3 Qc1+ 59.Kb4 Qxc2 60.Rc3 Qd2 61.Rd5 Qe1 62.Kc4 Qe2+ 63.Kc5 Qb2 64.Rcd3 Qc2+
65.Kd6 Qb2 66.R5d4 Qh2+ 67.Kc6 Qc2+ 68.Kb7 Qc5 69.Ka6 Qc6+ 70.Ka5 Qc5+ 71.Ka4 Qc6+
72.Ka3 Qc1+ 73.Kb4 Kg6 74.Kb5 Qc7 75.b4 Qb7+ 76.Kc4 Qc6+ 77.Kb3 Qc8 78.b5 Qe8
79.Kb4 Qe7+ 80.Rd6  1-0

[Event "Helsingborg-B"]
[Site "Helsingborg"]
[Date "1991.??.??"]
[Round "?"]
[White "Jonsson, M."]
[Black "Hedman, Erik"]
[Result "1-0"]
[WhiteElo "2200"]
[BlackElo "2200"]

1.e4 c5 2.Nf3 d6 3.d4 cxd4 4.Nxd4 Nf6 5.Nc3 a6 6.Be3 e6 7.Be2 b5 8.a3 Bb7
9.f3 Nbd7 10.O-O d5 11.exd5 Nxd5 12.Nxd5 Bxd5 13.f4 Bc5 14.Bd3 Nf6 15.c3 O-O
16.Qe2 Re8 17.Nf3 Bxe3+ 18.Qxe3 Nd7 19.a4 bxa4 20.Rxa4 a5 21.Bb5 Bxf3 22.Rxf3 Re7
23.Qd4 Rb8 24.c4 Qc7 25.Rfa3 Nb6 26.Rxa5 Rd8 27.Qe5 Nxc4 28.Qxc7 Rxc7 29.Rc3 Nxa5
30.Rxc7 g5 31.Bd7 gxf4 32.b4 Nb3 33.Kf2 Rb8 34.Rc8+ Rxc8 35.Bxc8 Kf8 36.Kf3 Nd4+
37.Kxf4 Nc6 38.b5 Nb8 39.Kg5 Kg7 40.b6 h6+ 41.Kh5 Kh7 42.g3 Kg7 43.g4 Kh7
44.g5 hxg5 45.Kxg5 Kg7 46.h3 Nc6 47.Kf4 Kf6 48.Bd7 Nd8 49.Bb5 Nb7 50.h4 Nd6
51.h5 e5+ 52.Kg4 Kg7 53.Kg5 f6+ 54.Kg4 Kh6 55.Bd7 Kg7 56.Bf5 Kh6 57.Bg6 Kg7
58.Kf3 Kh6 59.Ke2 Kg5 60.Kd3 f5 61.Kc3 e4 62.Kd4 e3 63.Kd3 f4 64.Ke2 Kh6
65.Kf3 Kg5 66.Bd3 Nb7 67.Ba6 Nd8 68.Be2 Nb7 69.Ke4 Na5 70.Kd5 Kf5 71.Bf3 Kg5
72.Ke6 Nc6 73.Kd6 Na5 74.Ke7 Nc6+ 75.Kf8 Nd8 76.Kg7 Ne6+ 77.Kh7 Nf8+ 78.Kg8 Nd7
79.b7 Kh4 80.h6 Kg3 81.h7 Kxf3 82.h8=Q e2 83.Qh3+ Kf2 84.Qxd7 e1=Q 85.b8=Q Qe3
86.Qb2+ Kf1 87.Qd1+  1-0

[Event "Helsingborg-B"]
[Site "Helsingborg"]
[Date "1991.??.??"]
[Round "?"]
[White "Lindberg, Henrik"]
[Black "Hedman, Erik"]
[Result "1-0"]
[WhiteElo "2200"]
[BlackElo "2200"]

1.e4 c5 2.Nf3 d6 3.d4 cxd4 4.Nxd4 Nf6 5.Nc3 a6 6.Be3 e5 7.Nf3 Qc7 8.a4 Be7
9.a5 O-O 10.Be2 Nc6 11.Bb6 Qd7 12.Nd2 d5 13.exd5 Nxd5 14.Nxd5 Qxd5 15.O-O Be6
16.Nc4 Rac8 17.Qxd5 Bxd5 18.Ne3 Be6 19.Rfd1 Bd8 20.Bf3 Bxb6 21.axb6 f5 22.Rd6 e4
23.Bxe4 fxe4 24.Rxe6 Nd4 25.Re7 Nxc2 26.Rd1 Nb4 27.Rdd7  1-0

[Event "Helsingborg-B"]
[Site "Helsingborg"]
[Date "1991.??.??"]
[Round "?"]
[White "Lindberg, Henrik"]
[Black "Hultin, Johan"]
[Result "1/2-1/2"]
[WhiteElo "2200"]
[BlackElo "2235"]

1.e4 c5 2.Nf3 d6 3.d4 cxd4 4.Nxd4 Nf6 5.Nc3 a6 6.Be3 e6 7.Qd2 Be7 8.f3 Nc6
9.O-O-O O-O 10.g4 Nd7 11.h4 Nxd4 12.Bxd4 b5 13.g5 b4 14.Ne2 a5 15.Bh3 Qc7
16.g6 hxg6 17.h5 e5 18.Be3 Nf6 19.hxg6 b3 20.gxf7+ Kxf7 21.Kb1 bxa2+ 22.Ka1 a4
23.Qc3 Qxc3 24.Nxc3 a3 25.b3 Bxh3 26.Rxh3 Rfc8 27.Rd3 Rh8 28.Rxh8 Rxh8 29.Kxa2 Rh2
30.b4 d5 31.Nxd5 Nxd5 32.exd5 Bxb4 33.Kb3  1/2-1/2

[Event "Helsingborg-B"]
[Site "Helsingborg"]
[Date "1991.??.??"]
[Round "?"]
[White "Eriksson, Johan"]
[Black "Henriksson, Jakob"]
[Result "1-0"]
[WhiteElo "2225"]
[BlackElo "2200"]

1.e4 c5 2.Nf3 d6 3.d4 cxd4 4.Nxd4 Nf6 5.Nc3 a6 6.Be3 e6 7.Qd2 b5 8.f3 Bb7
9.g4 Nc6 10.Nxc6 Bxc6 11.g5 Nd7 12.O-O-O b4 13.Ne2 d5 14.Nd4 Bb7 15.Bh3 Nb6
16.Bxe6 fxe6 17.Nxe6 Qd6 18.exd5 Nc4 19.Qe2 Nxe3 20.Qxe3 Kf7 21.Rhe1 h6 22.Rg1 Re8
23.gxh6 Rxh6 24.Ng5+ Kg8 25.Qxe8 Bxd5 26.Kb1 Rxh2 27.Ne4 Qc7 28.Nf6+  1-0

[Event "HUN-chT"]
[Site "HUN"]
[Date "1991.??.??"]
[Round "?"]
[White "Besztercsenyi, Tibor"]
[Black "Mozes, Zoltan"]
[Result "1/2-1/2"]
[WhiteElo "2240"]
[BlackElo "2230"]

1.e4 c5 2.Nf3 d6 3.d4 cxd4 4.Nxd4 Nf6 5.Nc3 a6 6.Be3 e5 7.Nf3 Be6 8.Ng5 Qc7
9.Nxe6 fxe6 10.g3 Nc6 11.Bg2 b5 12.O-O Be7 13.Qd2 O-O 14.Rad1 Na5 15.Bh3 Kf7
16.Qe2 Nc4 17.Bc1 b4 18.Nb1 d5 19.b3 Nb6 20.exd5 exd5 21.Bb2 Bd6 22.f4 Rfe8
23.fxe5 Bxe5 24.Bxe5 Rxe5 25.Qd3 Qc5+ 26.Kh1 Kg8 27.Qd4 Qxd4 28.Rxd4 a5 29.c3 Re4
30.Rd3 Rae8 31.Nd2 Re3 32.Rxe3 Rxe3 33.cxb4 axb4 34.Rf4 Re1+ 35.Kg2 Re2+
36.Rf2 Rxf2+ 37.Kxf2 Kf7 38.Ke3 Ke7 39.Nf3 Kd6 40.Nd4 g6 41.Kd3 Ne4 42.Bg2 Nf2+
43.Ke2 Ng4 44.h3 Ne5 45.Ke3 Na8 46.Bf1 Nc7 47.Nc2 Nc6 48.Ne1 Ne6 49.h4 Nc5
50.Bd3 Ne5 51.Bb1 Ne6 52.Bd3 Ng7 53.Be2  1/2-1/2

[Event "HUN-chT"]
[Site "HUN"]
[Date "1991.??.??"]
[Round "?"]
[White "Varga, Zoltan"]
[Black "Sziraki, Tamas"]
[Result "1-0"]
[WhiteElo "2370"]
[BlackElo "2255"]

1.e4 c5 2.Nf3 d6 3.d4 cxd4 4.Nxd4 Nf6 5.Nc3 a6 6.Be3 e6 7.Qf3 Qc7 8.g4 h6
9.a4 Nbd7 10.Be2 Nc5 11.h4 h5 12.g5 Ng4 13.Bd2 Ne5 14.Qe3 b6 15.f4 Nc6 16.g6 fxg6
17.Nxc6 Qxc6 18.b4 Nd7 19.Qg3 Nf6 20.Qxg6+ Kd8 21.O-O-O Qe8 22.Qg1 Qc6 23.e5 Nd5
24.Bf3 Kc7 25.Qd4 Bb7 26.Bxd5 exd5 27.e6 Re8 28.f5 Qc4 29.Be3 Qxd4 30.Bxd4 Rh7
31.Rhg1 Bc6 32.b5 axb5 33.axb5 Bb7 34.Kb2 Re7 35.Rg6 Ba8  1-0

[Event "Italy op"]
[Site "Italy"]
[Date "1991.??.??"]
[Round "?"]
[White "Domont, Alexandre"]
[Black "Belotti, Bruno"]
[Result "0-1"]
[WhiteElo "2355"]
[BlackElo "2460"]

1.e4 c5 2.Nf3 d6 3.d4 cxd4 4.Nxd4 Nf6 5.Nc3 a6 6.Be3 e6 7.f3 b5 8.Qd2 Nbd7
9.g4 Nb6 10.O-O-O Bb7 11.Qf2 Nfd7 12.Kb1 Rc8 13.Bd3 Rxc3 14.bxc3 Na4 15.Ne2 Qc7
16.Kc1 d5 17.exd5 Bxd5 18.Bd4 Ba3+ 19.Kd2 e5 20.Be3 O-O 21.Rhg1 Re8 22.Rg3 Nf8
23.Ke1 Nxc3 24.Nxc3 Qxc3+ 25.Qd2 Qxd2+ 26.Bxd2 Bc5 27.Be4 Bc4 28.Rg2 Ne6
29.c3 a5 30.Bc1 b4 31.Bd5 Bxd5 32.Rxd5 bxc3 33.Rxe5 Rb8 34.Kd1 Rd8+ 35.Kc2 Nd4+
36.Kxc3 Bb4+ 37.Kb2 Rb8 38.Bf4 Bd2+  0-1

[Event "Katowice op"]
[Site "Katowice"]
[Date "1991.??.??"]
[Round "9"]
[White "Zezulkin, Jurij"]
[Black "Zagrebelny, Sergey"]
[Result "1/2-1/2"]
[WhiteElo "2385"]
[BlackElo "2475"]

1.e4 c5 2.Nf3 d6 3.d4 cxd4 4.Nxd4 Nf6 5.Nc3 a6 6.Be3 e5 7.Nf3 Qc7 8.a4 Be7
9.a5 O-O 10.Be2 Be6 11.O-O Nbd7 12.Ng5 Bc4 13.Ra4 Bxe2 14.Qxe2 Rac8 15.Rd1 Qc6
16.h3 Rfe8 17.Rd3 Bf8 18.b3 Qc7 19.Nf3 d5 20.Bb6 Nxb6 21.axb6 Qxb6 22.Nxd5 Nxd5
23.Rxd5 f6 24.Rc4 Qe6 25.Rxc8 Rxc8 26.c4 Qb6 27.Qd1 Bc5 28.Rd7 Bxf2+ 29.Kf1 Bg3
30.Qd5+ Kh8 31.c5 Qb5+ 32.Qd3 Qxd3+ 33.Rxd3 h5 34.Rd5 Bf4 35.Ke2 Kg8 36.b4 Rc7
37.Ne1 Kf7 38.Nd3 Bg5 39.Nb2 Ke7 40.Nc4 Bc1  1/2-1/2

[Event "Kecskemet"]
[Site "Kecskemet"]
[Date "1991.??.??"]
[Round "5"]
[White "Tolnai, Tibor"]
[Black "Moiseev, Viktor"]
[Result "1/2-1/2"]
[WhiteElo "2500"]
[BlackElo "2460"]

1.e4 c5 2.Nf3 d6 3.d4 cxd4 4.Nxd4 Nf6 5.Nc3 a6 6.Be3 e5 7.Nb3 Be7 8.f3 Be6
9.Qd2 Nbd7 10.O-O-O b5 11.Kb1 O-O 12.g4 Nb6 13.g5 Nh5 14.h4 Rc8 15.Rg1 Qc7
16.Qf2 Nc4 17.Bxc4 bxc4 18.Nc1 Rb8 19.N1e2 Qb7 20.Bc1 Bd8 21.Rg2 Bb6 22.Qe1 Be3
23.Rxd6 Bc5 24.Rd1 Ba3 25.b3 Bxc1 26.Nxc1 Nf4 27.Rgd2 Rfc8 28.Rd6 Qc7 29.Rxa6 cxb3
30.cxb3 Ng2 31.Qf2 Qxc3 32.Rxe6 fxe6 33.Qxg2 Rf8 34.Rd3 Qe1 35.Qd2 Qxh4 36.a4 Rfc8
37.Kb2 Qh5 38.Ne2 Qe8 39.Nc3 Qe7 40.Nb5 Qc5 41.g6 hxg6 42.Rd7 Ra8  1/2-1/2

[Event "Kemerovo"]
[Site "Kemerovo"]
[Date "1991.??.??"]
[Round "?"]
[White "Isupov, Vladimir"]
[Black "Titlianov, Y."]
[Result "1-0"]
[WhiteElo "2235"]
[BlackElo "2410"]

1.e4 c5 2.Nf3 d6 3.d4 cxd4 4.Nxd4 Nf6 5.Nc3 a6 6.Be3 e5 7.Nf3 Be7 8.Bc4 O-O
9.O-O Be6 10.Bb3 Nc6 11.Qe2 Na5 12.Rfd1 Nxb3 13.axb3 Qc7 14.Bg5 Rfc8 15.Bxf6 Bxf6
16.Ne1 Be7 17.Nd5 Qd8 18.c3 Bxd5 19.Rxd5 Qb6 20.b4 Qc6 21.Nc2 Qc4 22.Qxc4 Rxc4
23.f3 Rc6 24.b5 Rb6 25.Nb4 a5 26.Ra4 g6  1-0

[Event "JUG-ch"]
[Site "Kladovo"]
[Date "1991.??.??"]
[Round "11"]
[White "Zakic, Srdjan"]
[Black "Narandzic, Vlado"]
[Result "1/2-1/2"]
[WhiteElo "2350"]
[BlackElo "2385"]

1.e4 c5 2.Nf3 d6 3.d4 cxd4 4.Nxd4 Nf6 5.Nc3 a6 6.Be3 e5 7.Nf3 Qc7 8.a4 Be6
9.a5 Nbd7 10.Ng5 Be7 11.Nxe6 fxe6 12.Be2 O-O 13.Bg4 Nxg4 14.Qxg4 Rf6 15.O-O  1/2-1/2

[Event "Krasnodar"]
[Site "Krasnodar"]
[Date "1991.??.??"]
[Round "?"]
[White "Varavin, Viktor"]
[Black "Obukhov, Alexander"]
[Result "1-0"]
[WhiteElo "2440"]
[BlackElo "2265"]

1.e4 c5 2.Nf3 d6 3.d4 cxd4 4.Nxd4 Nf6 5.Nc3 a6 6.Be3 e6 7.f3 Be7 8.g4 O-O
9.Qd2 Nc6 10.O-O-O Nxd4 11.Bxd4 Nd7 12.h4 b5 13.g5 Bb7 14.Kb1 Rc8 15.g6 Ne5
16.Qg2 Bf6 17.gxh7+ Kh8 18.Rg1 Qe7 19.h5 Rfd8 20.f4 b4 21.Na4 Nc4 22.Nb6 Nxb6
23.Bxb6 Re8 24.Ba5 e5 25.h6 g6 26.f5 gxf5 27.Bd3 d5 28.Rdf1 Kxh7 29.Qh3 Qe6
30.exd5  1-0